Cricket: Highest Individual Score on ODI Debut - Statistics

General Stats
  • This quiz has been taken 11 times
  • The average score is 7 of 16
Answer Stats
For Against Year Score Answer % Correct
PAK SL 2017 100 (125) Imam-ul-Haq
70%
NZ WI 2009 122* (135) Martin Guptill
70%
PAK AUS 2019 112 (119) Abid Ali
60%
ZIM SL 1992 115* (152) Andy Flower
50%
WI AUS 1978 148 (136) Desmond Haynes
50%
AFG IRE 2021 127 (127) Rahmanullah Gurbaz
50%
SA IRE 2016 113 (123) Temba Bavuma
50%
SA ZIM 2010 124 (126) Colin Ingram
40%
HK UAE 2015 124* (116) Mark Chapman
40%
AUS SL 2013 112 (129) Phil Hughes
40%
ENG WI 2014 106 (117) Michael Lumb
30%
NZ ZIM 2011 108 (131) Rob Nicol
30%
PAK SL 1995 102 (133) Saleem Elahi
30%
ENG AUS 1972 103 (134) Dennis Amiss
20%
IND ZIM 2016 100 (115) KL Rahul
20%
SA SL 2018 102 (89) Reeza Hendricks
20%
No matching quizzes found
Score Distribution
Percent of People with Each Score
Percentile by Number Answered
Your Score History
You have not taken this quiz